000 00758cam a2200217 4500
001 WB3636-05
008 000000n2000 000 0 eng u
035 _a(Sirsi) u108325
245 _aNew standard partnering contract
260 _c2000
490 _aBuilding
_v 265 (8152) 8 September 2000, 12(2)
520 _aOn 14 September Sir John Egan will launch the first standard form of partnering contract. Considers the key features of PPC 2000, which is written in non-legal language.
590 _aWB
650 _aEGAN REFORMS
650 _aEGAN REFORMS
650 _aASSOCIATION OF CONSULTANT ARCHITECTS
650 _aSTANDARD PARTNERING CONTRACT
650 _aPPC 2000
690 _aBUILT ENVIRONMENT-BUILDING CONTRACT FORMS
942 _n0
999 _c64669
_d64669